| 000 | 00516nam a2200181 u 4500 | ||
|---|---|---|---|
| 001 | 000472128 | ||
| 003 | AM-YeHGA | ||
| 005 | 20250617133858.0 | ||
| 008 | 060125s1979 ||| r 000 0 rus d | ||
| 040 | _aAM-YeHGA | ||
| 041 | 0 | _arus | |
| 100 | 1 | _aПортнов, Владимир. | |
| 245 | 1 | 0 |
_aВарианты : _bСтихи / _cВладимир Портнов. |
| 260 |
_aЯзычы : _bБаку, _c1979. |
||
| 300 | _a98 с. | ||
| 653 | 0 | _aРусская советская поэзия | |
| 090 | _c174120 | ||
| 999 |
_c172681 _d172681 |
||